000 00871nam a2200277 a 4500
005 20200104041520.0
008 140227t1999 cauao fr|||| 000 0 eng d
040 _aCO-BoIAVH
_cCO-BoIAVH
041 0 _aeng
044 _axxu
082 0 4 _a745.54
_bI32s
100 1 _aImhoff, Dan
245 1 4 _aThe simplelife guide to tree-free, recycled and certified papers
260 _aPhilo, California :
_bSimpleLife,
_cc1999.
300 _a68 páginas :
_bIlustraciones, fotografías a color ;
_c16 x 23 cm.
650 2 6 _aUso de biodiversidad
650 2 6 _aPlantas útiles
650 2 6 _aCertificación forestal
650 2 6 _aUso sostenible
650 1 6 _aPapel
650 1 6 _aIndustria del papel
650 1 4 _aPapel
_xHistoria
650 1 4 _aTipos de papel
710 2 _aSimpleLife
942 _cLIBRO
_2ddc
999 _c1418
_d1418